| 000 | 00680nam a22001937a 4500 | ||
|---|---|---|---|
| 003 | NUST - PNEC | ||
| 005 | 20170116181205.0 | ||
| 008 | 160301b xxu||||| |||| 00| 0 eng d | ||
| 020 | _a0553340174 | ||
| 040 | _cLIBRARY | ||
| 082 | _a973.926 CAR | ||
| 100 |
_916670 _aCarter, Jimmy |
||
| 245 |
_aKeeping faith : memoirs of a president _cJimmy Carter |
||
| 260 |
_aNew York _bBantam Books _cc.1982 |
||
| 300 | _a622 p. : | ||
| 650 |
_916671 _aPresidents _xGeneral |
||
| 856 | _uhttp://www.amazon.com/Keeping-Faith-President-Jimmy-Carter-ebook/dp/B00PALUU7C/ref=sr_1_1?s=books&ie=UTF8&qid=1456820980&sr=1-1&keywords=Keeping+faith+%3A+memoirs+of+a+president | ||
| 942 |
_2ddc _cBK |
||
| 999 |
_c71598 _d71598 |
||